Score 0/8 Timer 04:00
7 Plays Today
% Correct
Spider-Man and Superman
98.3%
Captain America and Wonder Woman
97.6%
Fantastic Four and The Incredibles
86%
Green Lantern and X-Men
77%
Batman and The Punisher
75.1%
Deadpool and Robin
71.6%
Daredevil and The Tick
44.5%
Aquaman and Autobots
28.6%
Remove Ads.
Support Sporcle.
Get the best of Sporcle when you Go Orange. This ad-free experience offers more features, more stats, and more fun while also helping to support Sporcle. Thank you for becoming a member.

You're not logged in!

Compare scores with friends on all Sporcle quizzes.
OR
Log In

Show Comments

Extras

Top Quizzes Today


Score Distribution

Your Account Isn't Verified!

In order to create a playlist on Sporcle, you need to verify the email address you used during registration. Go to your Sporcle Settings to finish the process.

Report this User

Report this user for behavior that violates our Community Guidelines.

Details: